000 00687nam a22002177a 4500
003 UA-OsUOA
001 64570
007 ta
008 20091105b un ||||| |||| 00| 0 ukr d
090 _a016
_bП70
942 _cBK
040 _aUA-OsUOA
_bukr
_cUA-OsUOA
_dUA-OsUOA
245 _aПраці наукових співробітників Інституту суспільних наук АН УРСР 1951-1969
_bБібліографічний покажчик
300 _a490 с.
955 _a4
041 _aukr
080 _a016
260 _aЛьвів
_c1970
650 7 _a01 Бібліографія і бібліографії. Каталоги
_2UDC
999 _c350515
_d350515